Impuesto a los ingresos brutos (Registro nro. 1342)
[ vista simple ]
| 000 -LEADER | |
|---|---|
| fixed length control field | 01065 a2200205 4500 |
| 001 - CONTROL NUMBER | |
| control field | 25235 |
| 005 - DATE AND TIME OF LATEST TRANSACTION | |
| control field | 20260407155536.0 |
| 008 - FIXED-LENGTH DATA ELEMENTS--GENERAL INFORMATION | |
| fixed length control field | 260407a1982 arg spa d |
| 003 - CONTROL NUMBER IDENTIFIER | |
| control field | AR-UNSa-BCEJYS |
| 040 ## - CATALOGING SOURCE | |
| Original cataloging agency | AR-UNSa-BCEJYS |
| Language of cataloging | spa |
| Transcribing agency | AR-UNSa-BCEJYS |
| 080 ## - UNIVERSAL DECIMAL CLASSIFICATION NUMBER | |
| Universal Decimal Classification number | 336.226.111 |
| Common auxiliary subdivision | Impuestos sobre ingresos totales (Ingresos brutos - Convenio Multilateral) |
| 100 1# - MAIN ENTRY--PERSONAL NAME | |
| Personal name | Giuliani Fonrouge, Carlos M. |
| 245 10 - TITLE STATEMENT | |
| Title | Impuesto a los ingresos brutos |
| Name of part/section of a work | Régimen de las ordenanzas de la Municipalidad de la Ciudad de Buernos Aires y concordancias con las leyes de las provincias de Buenos Aires, Córdoba, Mendoza y Santa Fé. |
| 264 #1 - PRODUCTION, PUBLICATION, DISTRIBUTION, MANUFACTURE, AND COPYRIGHT NOTICE | |
| Place of production, publication, distribution, manufacture | Buenos Aires : |
| Name of producer, publisher, distributor, manufacturer | Depalma |
| Date of production, publication, distribution, manufacture, or copyright notice | 1982 |
| 300 ## - PHYSICAL DESCRIPTION | |
| Extent | 406 p. |
| Dimensions | 23 cm. |
| 505 ## - FORMATTED CONTENTS NOTE | |
| Formatted contents note | Parte General : 1. Principios generales - 2. Convenio multilateral - 3. Coparticipación federal - 4. Coparticipación vial - Parte Especial : 1. Hecho generador del impuesto(hecho imponible)- 2. Régimen del impuesto - 3. Procedimiento contencioso - Apéndice. |
| 590 ## - LOCAL NOTE (RLIN) | |
| Local note | niveau_biblio:m niveau_hierar:0 |
| 700 1# - ADDED ENTRY--PERSONAL NAME | |
| Personal name | Navarrine, Susana Camila |
| 942 ## - ADDED ENTRY ELEMENTS (KOHA) | |
| Koha item type | |
| Withdrawn status | Lost status | Damaged status | Not for loan | Home library | Current library | Shelving location | Date acquired | Total checkouts | Full call number | Barcode | Date last seen | Price effective from | Koha item type |
|---|---|---|---|---|---|---|---|---|---|---|---|---|---|
| Biblioteca Prof. Eusebio Cleto del Rey | Biblioteca Prof. Eusebio Cleto del Rey | 07/04/2026 | 336.226.111 G537 | L44137 | 07/04/2026 | 07/04/2026 | Libro |